000 00533nam a22001697a 4500
999 _c8431
_d8431
008 201124b ||||| |||| 00| 0 eng d
040 _aBMS College of Architecture
100 _aSharma Arpita
245 _aHimalayan winery farm and retreat Himachal Pradesh
300 _aNA
500 _a1BM14AT017
502 _8B,Arch
_NBMS College of Architecture, Visvesvaraya Technological University
_aProject report
_d2018
650 _aHimachal Pradesh
700 _aNeeta S N
_eGuide
700 _aPraveen Alva
_eGuide
942 _2ddc
_cTHE